Porci con le ali /

সংরক্ষণ করুন:
গ্রন্থ-পঞ্জীর বিবরন
বিন্যাস: গ্রন্থ
ভাষা:ইতালিয়
প্রকাশিত: Milano : Mondadori, 1996
ট্যাগগুলো: ট্যাগ যুক্ত করুন
কোনো ট্যাগ নেই, প্রথমজন হিসাবে ট্যাগ করুন!

MARC

LEADER 00000nam a22000007i 4500
001 IT\ICCU\IEI\0675932
003 ItRI
005 20250220224642.0
008 210327s1996 it |||||| ||||| |||||c
040 |b ita  |c ARCIGAY RIMINI 
041 7 |a ita  |2 ISO-639-2 
245 0 0 |a Porci con le ali /  |c Rocco e Antonia (Marco Lombardo Radice e Lidia Ravera). 
260 |a Milano :  |b Mondadori,  |c 1996 
300 |a 204 p. ;  |c 18 cm 
942 |2 ddc  |c BK 
952 |0 0  |1 0  |2 ddc  |4 0  |6 301_410000000000000_LOM_POR  |7 1  |9 3300  |a RN  |b RN  |d 2025-02-20  |e DONO RIMONDINI  |l 0  |o 301.41 LOM POR  |p 10559  |r 2025-02-20 22:47:15  |w 2025-02-20  |y BK 
981 1 |6 z01  |a i   |b xxxe  
982 1 |6 z01  |a n 
999 |c 2617  |d 2617